Water efficiency in new homes (Record no. 110514)

MARC details
000 -LEADER
fixed length control field 01028cad a22002295a 4500
001 - CONTROL NUMBER
control field E149498
008 - FIXED-LENGTH DATA ELEMENTS--GENERAL INFORMATION
fixed length control field 100310s2009 xxko f 000 0 eng d
020 ## - INTERNATIONAL STANDARD BOOK NUMBER
International Standard Book Number 9781848060999
035 ## - SYSTEM CONTROL NUMBER
System control number (Sirsi) u149498
041 0# - LANGUAGE CODE
Language code of text/sound track or separate title eng
100 1# - MAIN ENTRY--PERSONAL NAME
Personal name Griggs, John
245 00 - TITLE STATEMENT
Title Water efficiency in new homes
Remainder of title an introductory guide for housebuilders
Medium [electronic resource]
260 ## - PUBLICATION, DISTRIBUTION, ETC.
Place of publication, distribution, etc. Amersham
Name of publisher, distributor, etc. NHBC Foundation
Date of publication, distribution, etc. 2009
490 #0 - SERIES STATEMENT
Series statement NF
Volume/sequential designation 20
520 ## - SUMMARY, ETC.
Summary, etc. Looks at current recommendations on water efficiency from the Code for Sustainable Homes and the Building Regulations. Discusses technologies which can improve water efficiency.
521 2# - TARGET AUDIENCE NOTE
Target audience note Advanced
651 #4 - SUBJECT ADDED ENTRY--GEOGRAPHIC NAME
Geographic name United Kingdom
Chronological subdivision
690 ## - LOCAL SUBJECT ADDED ENTRY--TOPICAL TERM (OCLC, RLIN)
Topical term or geographic name as entry element BUILT ENVIRONMENT-BUILDING ELEMENTS-COMPLETE BUILDING SERVICES ELEMENTS-COMPLETE WATER SUPPLY SYSTEMS
700 1# - ADDED ENTRY--PERSONAL NAME
Personal name Burns, Judy
856 40 - ELECTRONIC LOCATION AND ACCESS
Uniform Resource Identifier <a href="https://www.nhbcfoundation.org/LinkClick.aspx?fileticket=pXywrBFI7qE%3d&tabid=339&mid=774&language=en-GB">https://www.nhbcfoundation.org/LinkClick.aspx?fileticket=pXywrBFI7qE%3d&tabid=339&mid=774&language=en-GB</a>
Public note View the report free of charge (PDF file) at www.nhbcfoundation.org
942 ## - ADDED ENTRY ELEMENTS (KOHA)
Suppress in OPAC 0
Holdings
Withdrawn status Lost status Source of classification or shelving scheme Damaged status Not for loan Home library Current library Shelving location Date acquired Total Checkouts Full call number Barcode Date last seen Copy number Price effective from Koha item type
    Dewey Decimal Classification     Virtual Virtual Online 10/03/2010   ONLINE PUBLICATION 149498-2001 06/08/2019 1 06/08/2019 Book